El ayudante del vampiro /

Descubrir que los vampiros han cambiado con el tiempo...pero siguen siendo vampiros. Esto es lo que la secuderá a Flavio. Pero esa no será la única sorpresa que le depare el destino. En su pasado familiar existe un terrible secreto que ha permanecido oculto durante siglos, y que habrá de revelarse a...

Descripción completa

Guardado en:
Autor Principal: Rice, Allan P.
Formato: Libro
Idioma:Spanish
Publicado: Buenos Aires : Genios, 1999.
Series:Suspenso a la medianoche ; 11
Materias:
Etiquetas: Agregar Etiqueta
Sin Etiquetas, Sea el primero en etiquetar este registro!
LEADER 01142nam a22002175a 4500
001 CEM.cems024287
008 240828s1999####ag############000#0#spa#d
005 20240828172500.0
245 1 0 |a El ayudante del vampiro /  |c Allan P. Rice. 
260 |a Buenos Aires :  |b Genios,  |c 1999. 
300 |a 64 p. 
490 1 |a Suspenso a la medianoche ;  |v 11 
520 |a Descubrir que los vampiros han cambiado con el tiempo...pero siguen siendo vampiros. Esto es lo que la secuderá a Flavio. Pero esa no será la única sorpresa que le depare el destino. En su pasado familiar existe un terrible secreto que ha permanecido oculto durante siglos, y que habrá de revelarse ahora ante sus ojos, llenándolo de terror. Y en su presente, lo aguarda una terrible misión, demasiado grave para un chico. Pero Flavio tendrá que afrontarla, por su propio bien, y el de toda su familia. 
020 |a 9507820590 
100 1 |a Rice, Allan P. 
082 0 4 |a 818.5 
653 |a Novela de terror 
653 |a Novela juvenil 
653 |a Literatura estadounidense 
653 |a Novela estadounidense 
859 |a CEMS  |b BIB. CEMS - Inicial y Primaria  |h 818.5  |i R36-6  |k IP  |p 2329  |t Ej.1